Ο κατακερματισμένος λόγος στο έργο του Samuel Beckett : διπλωματική εργασία [μεταπτυχιακή εργασία]
Saved in:
| Main Author: | |
|---|---|
| Corporate Author: | |
| Other Authors: | |
| Format: | Thesis Book |
| Language: | Greek |
| Published: |
2022.
|
| Subjects: | |
| Tags: |
Add Tag
No Tags, Be the first to tag this record!
|
MARC
| LEADER | 00000nam a2200000 a 4500 | ||
|---|---|---|---|
| 001 | 1/126117 | ||
| 008 | 230208s2022####gr | ||| |||| ||gre|| | ||
| 040 | |a GR-MyUa |b gre |c GR-MyUa |e AACR2 | ||
| 041 | 0 | |a gre | |
| 082 | 7 | |a 848.91409 |2 (23) | |
| 100 | 1 | |a Νικολακοπούλου, Ελένη. | |
| 245 | 1 | 2 | |a Ο κατακερματισμένος λόγος στο έργο του Samuel Beckett : |b διπλωματική εργασία [μεταπτυχιακή εργασία] / |c Νικολακοπούλου, Ελένη ; επιβλέπουσα καθηγήτρια: Θεοδωροπούλου Έλενα. |
| 260 | |c 2022. | ||
| 300 | |a 95 σ. ; |c 30 εκ. | ||
| 500 | |a Μέλη εξεταστικής επιτροπής: Θεοδωροπούλου Έλενα, Αναγνωστοπούλου Διαμάντη, Πρελορέντζος Ιωάννης. | ||
| 502 | |a Διπλωματική εργασία Πανεπιστήμιο Αιγαίου - Ρόδος 2022. | ||
| 504 | |a Βιβλιογραφία : σ. 87-96. | ||
| 506 | 1 | |a Διάθεση μόνο λέξεων κλειδιών - περιλήψεων. | |
| 650 | 0 | |a Literature, Modern |x History and criticism. | |
| 650 | 0 | |a Literature and philosophy. | |
| 600 | 1 | 0 | |a Beckett, Samuel, |d 1906-1989. |
| 700 | 1 | |a Θεοδωροπούλου, Έλενα, |e dgsf | |
| 710 | 1 | |a Πανεπιστήμιο Αιγαίου |b Σχολή Ανθρωπιστικών Επιστημών |b Τμήμα Επιστημών της Προσχολικής Αγωγής και του Εκπαιδευτικού Σχεδιασμού |b Μεταπτυχιακό Πρόγραμμα Σπουδών Παιδικό Βιβλίο και Παιδαγωγικό Υλικό. | |
| 852 | |a INST |b RHODES |c DIATR |e 20230208 |h 848.91409 ΝΙΚ |p 005400043398 |q 005400043398 |t MTXE |y 23 | ||
| 924 | |a Νικολακοπούλου |b Ελένη |y Ρόδος |z 2022-12 | ||
| 970 | |a Καραγιάννης |b Φίλιππος |z 08-02-2023 | ||